LEADER 01133nam a2200253 i 4500 001 000000222057 003 CaOOAMICUS 005 20130829000000.0 008 130829s2009 it u000 u ita u 013 $a200954 040 $aSeMil$bita 100 1 $aBalconi, Lorenzo Maria .$0(OLS)http://semarc/name/33282 245 10$aQuello che ho ve lo do :$btrentatré anni di paternità /$cLorenzo Maria Balconi ; a cura di Angela Corno. 260 $aRoma :$bMissionarie dell'Immacolata,$c2009. 300 $a286 p. :$bill. ;$c21 cm. 500 $aCon dedica. - Fondo card. C. M. Martini. 650 4$aBalconi, Lorenzo - Lettere e scritti.$0(OLS)http://semarc/subject/30461 700 1 $aCorno, Angela.$0(OLS)http://semarc/name/77633 850 $aSeMil 852 $aSeMil$W1$xVenegono$y1$m3G II 455$j172403$B172403$CSeMilBibl$Z2$F185291 $81 941 1 $a4 961 $aLascito: Martini Card. Carlo Maria 996 $6245$aQuello che ho ve lo do :$btrentatré anni di paternità$9(OLS)http://semarc/title/318345 996 $6260$aRoma :$bMissionarie dell'Immacolata$9(OLS)http://semarc/publisher/53233 LEADER 01086nam a2200241 i 4500 001 000000069824 003 CaOOAMICUS 005 20080521000000.0 008 080521s1972 it u000 u ita u 013 $a40996 040 $aSeMil$bita 100 1 $aHeidegger, Martin,$d<1889-1976>.$0(OLS)http://semarc/name/3775 240 10$aMartin Heidegger im Gespräch.$0(OLS)http://semarc/title/111894 245 10$aColloquio con Martin Heidegger /$ca cura di Richard Wisser ; contributi di v. Weizsäcker ... [et al.]. 260 $aRoma :$bCittà Nuova,$ccopyr. 1972. 300 $a87 p. ;$c21 cm. 600 14$aHeidegger, Martin <1889-1976>.$0(OLS)http://semarc/subject/986 700 1 $aWeizsäcker, Carl Friedrich : von,$d<1912-2007>.$0(OLS)http://semarc/name/8889 700 1 $aWisser, Richard.$0(OLS)http://semarc/name/34803 850 $aSeMil 852 $aSeMil$W1$xVenegono$y1$m2P I 340$j35977$B35977$CSeMilBibl$Z2$F35980 $81 996 $6245$aColloquio con Martin Heidegger$9(OLS)http://semarc/title/111893 996 $6260$aRoma :$bCittà Nuova$9(OLS)http://semarc/publisher/29609